Road signs: guess the country - Statistics

General Stats
  • This quiz has been taken 68 times
  • The average score is 5 of 12
Answer Stats
Picture Answer % Correct
France
90%
Latvia
78%
Kuwait
68%
Liechtenstein
62%
Kyrgyzstan
48%
Nigeria
48%
Eswatini
32%
Uruguay
32%
Libya
30%
Slovenia
25%
Antigua and Barbuda
13%
Guinea-Bissau
7%
No matching quizzes found
Score Distribution
Percent of People with Each Score
Percentile by Number Answered
Your Score History
You have not taken this quiz